书目信息 |
| 题名: |
决定孩子前途的11种心态
|
|
| 作者: | 胡颖 主编 | |
| 分册: | ||
| 出版信息: | 北京 中央编译出版社 2006.01 |
|
| 页数: | 146页 | |
| 开本: | 21cm | |
| 丛书名: | ||
| 单 册: | ||
| 中图分类: | G78 | |
| 科图分类: | ||
| 主题词: | 家庭教育--jia ting jiao yu--通俗读物 | |
| 电子资源: | ||
| ISBN: | 7-80109-963-X | |
| 000 | 00878nam0 2200229 450 | |
| 001 | 012008114046 | |
| 005 | 20080413153615.65 | |
| 010 | @a7-80109-963-X@dCNY25.00 | |
| 100 | @a20080413d2006 em y0chiy0120 ea | |
| 101 | 0 | @achi |
| 102 | @aCN@b110000 | |
| 105 | @ay z 000yy | |
| 106 | @ar | |
| 200 | 1 | @a决定孩子前途的11种心态@Ajue ding hai zi qian tu de 11 zhong xin tai@e父母阅读版@f胡颖主编@Fhu ying zhu bian |
| 210 | @a北京@c中央编译出版社@d2006.01 | |
| 215 | @a146页@d21cm | |
| 330 | @a本书站在父母的角度,从让孩子在民主的家庭氛围中成长、让孩子拥有一颗平常心、唤醒孩子的仁爱之心、帮助孩子树立乐观的心态、学习才是成功的阶梯、走出教育孩子的误区等8个方面阐述了父母如何帮助孩子养成一种健康的心态。 | |
| 606 | 0 | @a家庭教育@Ajia ting jiao yu@j通俗读物 |
| 690 | @aG78@v4 | |
| 701 | 0 | @a胡颖@Ahu ying@4主编 |
| 801 | 0 | @aCN@bQSSK@c20080413 |
| 905 | @b292168-70@dG78@eH522@f3 | |
| 决定孩子前途的11种心态:父母阅读版/胡颖主编.-北京:中央编译出版社,2006.01 |
| 146页;21cm |
| ISBN 7-80109-963-X:CNY25.00 |
| 本书站在父母的角度,从让孩子在民主的家庭氛围中成长、让孩子拥有一颗平常心、唤醒孩子的仁爱之心、帮助孩子树立乐观的心态、学习才是成功的阶梯、走出教育孩子的误区等8个方面阐述了父母如何帮助孩子养成一种健康的心态。 |
| ● |
| 相关链接 |
|
|
|
正题名:决定孩子前途的11种心态
索取号:G78/H522
 
预约/预借
| 序号 | 登录号 | 条形码 | 馆藏地/架位号 | 状态 | 备注 |
| 1 | 292168 | 202921687 | 社科库409/409社科库 17排1列3层/ [索取号:G78/H522] | 在馆 | |
| 2 | 292169 | 202921696 | 社科库409/409社科库 17排1列3层/ [索取号:G78/H522] | 在馆 | |
| 3 | 292170 | 202921703 | 社科二线422/409社科库 17排1列3层/ [索取号:G78/H522] | 在馆 |